Tilastot visalle Pirkanmaan kunnat

Klikkaa tästä pelataksesi tätä visaa!

Yleistilastot

  • Tätä visaa on pelattu 594 kertaa
  • Keskiarvotulos 15 / 22

Vastaustilastot

VäkilukuKunta/Kaupunki% Oikein
238 671Tampere
99%
34 294Nokia
88%
33 236Ylöjärvi
85%
23 697Lempäälä
81%
32 091Kangasala
79%
19 764Pirkkala
77%
16 481Akaa
76%
6 536Virrat
72%
24 139Sastamala
71%
9 101Orivesi
70%
20 892Valkeakoski
67%
6 894Ikaalinen
66%
6 388Parkano
62%
10 415Hämeenkyrö
58%
9 813Mänttä-Vilppula
58%
4 265Ruovesi
56%
6 446Pälkäne
53%
4 675Urjala
52%
4 370Vesilahti
51%
1 827Juupajoki
50%
1 854Kihniö
48%
2 854Punkalaidun
42%

Tulosjakauma

Persentiili vastausten määrän mukaan

Jokaisen tuloksen saaneiden osuus

Tuloshistoriasi

Et ole pelannut tätä visaa